000 00298nam a22001457a 4500
003 SGT
082 _a611
_bT14S
100 _aSINGH,VISHRAM
245 _aA TEXT BOOK OF ANATOMY
260 _aDELHI
_bELSEVIER
_c2014
300 _a445
650 _aANATOMY
653 _aANATOMY
942 _2ddc
_cBK
_036
999 _c8267
_d8267